Регионална библиотека "Любен Каравелов" - Русе

Въжени линии и кабелни кранове (Запис номер 11530)

MARC детайли
000 -Лидер
Контролно поле с фиксирана дължина nam a22 a 4500
003 - Код на организацията, давaща контролен номер
Контролно поле BLK
005 - Дата и час на последна редакция
Контролно поле 20220926141741.0
008 - Елементи от данни с фиксирана дължина
fixed length control field 180412b bul|||||r ||||||| ||bul||
010 ## - Наследен системен номер
LC control number KNG00013078000
040 ## - Източник на каталожния запис
Идентификатор на билиотеката - собственик на записа BLK
041 ## - Код за език
Код за езика на текст/звукозапис или на отделно заглавие Български
Код за езика КДБФ Български
080 ## - УДК
Текстов определител УДК Предавки с гъвкав елемент. Трансмисии. - Ремъчни, въжени, верижни предавки, шайби и др.
УДК код - определител по УДК 621.85
УДК определител (075.8)
УДК - код + определител 621.85(075.8)
100 1# - Редна дума - Автор
Автор Дивизиев, Владимир Йорданов
Авторска отговорност първи автор
R(LIN) 256587
139 ## - Редно поле
Редна дума Дивизиев, Владимир Й.
Авторски знак Ди - Д 53
245 10 - Сведения за заглавието
Заглавие Въжени линии и кабелни кранове
Подзаглавни данни Учебник за студентите от ВТУЗ
Редно поле (дума) Владимир Й. Дивизиев.
250 ## - Област на изданието
Сведения за изданието 2. осн. прераб. изд.
257 ## - Страна на издаване
Страна на създаване/издаване България
260 ## - Област на издателските данни
Място на издаване, разпространение и проч. София
Име на издателя, разпространителя и проч. Техника
Година на издаване 1975
300 ## - Физическа характеристика
Страници 383 с.
Илюстрации и др. с черт., 4 отд. л. : черт.
Размери/Мащаб 22 см
380 ## - Жанр
Жанр Техника
500 ## - Общи забележки
Забележка 1. изд. 1957. - Библиогр. с. 377-378
504 ## - Забележка за наличие на библиография и др
Забележка за наличие на библиография и под. 377-378
650 #4 - Допълнително описание по предмет – тема
Основно описание – тема или топоним Въжени линии
9 (RLIN) 151341
650 #4 - Допълнително описание по предмет – тема
Основно описание – тема или топоним Кранове, кабелни
9 (RLIN) 256588
653 ## - Ключова дума – ненормативна
Ключова дума въжени линии
653 ## - Ключова дума – ненормативна
Ключова дума кабелни кранове
653 ## - Ключова дума – ненормативна
Ключова дума учебници за ВУЗ
852 ## - Местоположение
Форматна сигнатура Цб 76141
Фондова буква Хранилище
856 4# - Електронен адрес и достъп
Електронен формат pdf - файл
Път до файла /url/
856 4# - Електронен адрес и достъп
Електронен формат pdf - файл
Път до файла /url/
999 ## - СИСТЕМНИ КОНТРОЛНИ НОМЕРА
Koha biblionumber 11530
Koha biblioitemnumber 11530
942 ## - АРТИКУЛИ
Вид на библиотечния материал Книги
Скрит в OPAC Не
Koha issues (borrowed), all copies 1
Периодичен библиозапис Да
944 ## - СЪЗДАВАНЕ И РЕДАКЦИЯ на ЗАПИСА
Създаване/Редакция Създаване
Служител, извършил регистрацията/редакцията Геновева_Генчева
944 ## - СЪЗДАВАНЕ И РЕДАКЦИЯ на ЗАПИСА
Създаване/Редакция Редакция
Дата на регистрацията/редакция 2022-09-26
Служител, извършил регистрацията/редакцията ир
999 ## - СИСТЕМНИ КОНТРОЛНИ НОМЕРА
Koha biblioitemnumber 11530
Наличности
Код за отписване Код за изгубен артикул Източник на класификационната схема Код за повреда Коз за рестрикции Код за отдаване Артикулен № Име на библиотеката - собственик Име на библиотеката, в която се намира в момента Статус (Текущо местоположение) Дата на вписване в системата Местоположение - отдел Цена в лева Инвентарен номер Систематично азбучна сигнатура Баркод Номер на екземпляра Цена в евро Служебна бележка Служебен тип на артикула
  Не е изгубен Universal Decimal Classification Не е повреден само за читалня ползва се в читалня 20011 Регионална библиотека "Любен Каравелов" Русе Регионална библиотека "Любен Каравелов" Русе Хранилище 1975-01-01 Хранилище 1.69 184658 Цб 76141 120000184658 1 0.86 Дост: Dp Вид: Д N: стар фонд Дата: 01.01.1975 Книги
  Не е изгубен Universal Decimal Classification Не е повреден без рестрикции заемане за дома 20012 Регионална библиотека "Любен Каравелов" Русе Регионална библиотека "Любен Каравелов" Русе Заемна - подръчен фонд 1975-01-01 Заемна - подръчен фонд 1.64 205933 П 621.8/Д 32 120000205933 2 0.84 Дост: Pk Вид: Ф N: стар фонд Дата: 01.01.1975 Дата инв: 06.02.2018 Бележки инв: П2018 Книги
Vip Innovations Ltd, Rousse, Bulgaria 2025